Normal view
MARC view
- Maqālāt-e-sīrat
Entry Meeting Name
001 - CONTROL NUMBER
- control field: 129990
003 - CONTROL NUMBER IDENTIFIER
- control field: NUST
005 - DATE AND TIME OF LATEST TRANSACTION
- control field: 20250721120611.0
008 - FIXED-LENGTH DATA ELEMENTS
- fixed length control field: 250721|| aca||aabn | a|a d
040 ## - CATALOGING SOURCE
- Original cataloging agency: NUST
- Transcribing agency: NUST
111 ## - HEADING--MEETING NAME
- Meeting name or jurisdiction name as entry element: Maqālāt-e-sīrat
670 ## - SOURCE DATA FOUND
- Source citation: Work cat.: (NUST)614426: 129944, Maqālāt-e-Sīrat / , 1989
